000 00539nam a2200205Ia 4500
003 GCL
008 140319s9999 xx 000 0 ara d
040 _aGCL /
_cGCL
082 0 4 _a791.43
_bس س
100 1 _aستيفنسون، رالف
245 1 0 _aالسينما فنا /
_cستيفنسون، رالف
700 1 _aدويرى، جان
700 1 _aخالد حداد
300 _a357 ص
490 _aالفن السابع
_v0
650 0 4 _aالفن
650 0 4 _aالفنون
650 0 4 _aالسينما
942 _2ddc
_cBK
999 _c48487
_d48487